00972cam a22002894a 450000100090000000300060000900500170001500800410003201000170007302000150009002000180010502000220012302000250014503500370017004000770020704200080028405000240029208200190031610000290033524500710036426000360043530000260047150400500049752000690054760000410061670000250065753038724OCoLC20181220125738.0030909s2003 tnu b 000 0 eng  a 2003020049 a0785264825 a9780785264828 a1593280211 (pbk.) a9781593280215 (pbk.) a(OCoLC)53038724z(OCoLC)61886507 aDLCbengcDLCdBAKERdZHKdBTCTAdYDXCPdOCLCGdIG#dOCLCQdTXBXLdCIRBC apcc00aBT306.53b.G73 200300a242222bG738A1 aGraham, Franklin,d1952-10aAll for Jesus :ba devotional /cFranklin Graham with Ross Rhoads. aNashville :bT. Nelson,cc2003. avii, 199 p. ;c19 cm. aIncludes bibliographical references (p. 199). aHow to embrace the essentials of a life devoted to Jesus Christ.00aJesus ChristvDevotional literature.1 aRhoads, Ross,d1932-